000 00583nam a2200229Ia 4500
003 OSt
005 20221006165107.0
006 a|||||r|||| 00| 0
007 ta
008 221006b |||||||| |||| 00| 0 eng d
024 _a186
037 _cTextual
040 _aFML
_cFML
_beng
041 _2eng
_aeng
082 _aNR5,1, K21
100 _aCastellini Jhon Au.
_9679081
245 0 _aRudiments Of Music
260 _aNew York
_bNortone
_c1962
300 _a239
_ccm.
942 _hNR5,1, K21
_cTEXL
_2CC
999 _c1119565
_d1119565